| 000 | 00670nam a2200229 u 4500 | ||
|---|---|---|---|
| 005 | 20210223133309.0 | ||
| 008 | 170530s1999 es r 000 0 spa d | ||
| 020 | _a8481302090 | ||
| 035 | _aUPN01000218273 | ||
| 049 | _aCG | ||
| 050 | 4 |
_aPT8175 B5.45 _bS5.3 |
|
| 100 | 1 |
_aDinesen, Isak, _d1885-1962 _935678 |
|
| 245 | 1 | 0 |
_aSiete cuentos góticos / _cIsak Dinensen ; tr. Heliodoro Pardo Marcos. |
| 260 |
_a[España] : _bMillenium, _c1999. |
||
| 300 | _a382 p. | ||
| 440 | 0 |
_aMillenium ; _v93 |
|
| 534 |
_pTítulo original: _tSeven gothic tales |
||
| 650 | 4 |
_aCUENTOS DANESES _912711 |
|
| 650 | 4 |
_aLITERATURA DANESA _916337 |
|
| 905 | _aLibro | ||
| 999 |
_c190373 _d190373 |
||